000 00922nam a2200241Ia 4500
003 OSt
005 20210728114403.0
008 210310s1972 ve gr 000 0 spa d
040 _aCO-JMCR
_cCO-JMCR
041 0 _aspa
082 0 4 _a332.1 /
_bG621p
_223
100 1 _aGovea Leininger, Manuel,
_eautor
_927083
245 1 0 _aOperaciones bancarias :
_bLas principales operaciones activas de los bancos de crédito ordinario /
_cManuel Govea Leininger
250 _aSegunda edición
260 _aVenezuela :
_bFabreton,
_c1972.
300 _a395 páginas ;
_c24 cm.
504 _aIncluye bibliografía e índice.
505 0 _aEl contrato de descuento bancario. -- La apertura de crédito. -- La cuenta corriente bancaria. -- El anticipo bancario. -- Prestamos bancarios.
650 1 4 _aBanca
_vfunciones
_927085
650 2 4 _aActividades bancarias
_938823
650 2 4 _aCrédito
_vbancos
_938824
942 _2ddc
_cBK
999 _c12026
_d12026